Proces získavania a výberu zamestnancov na pracovné miesta vo vybranom podniku diplomová práca

Saved in:
Bibliographic Details
Main Author: Štefunková, Natália
Corporate Author: Fakulta podnikového manažmentu EU. Katedra manažmentu
Other Authors: Matkovčíková, Natália, 1982-
Format: Book
Language:Slovak
Published: Bratislava 2023
Tags: Add Tag
No Tags, Be the first to tag this record!

MARC

LEADER 00000nbm a2200000 4500
001 0293553
005 20240520130259.8
041 0 |a slo 
044 |a SK 
245 1 0 |a Proces získavania a výberu zamestnancov na pracovné miesta vo vybranom podniku  |b diplomová práca  |c Natália Štefunková ; školiteľ: Natália Matkovčíková 
264 1 |a Bratislava  |c 2023 
300 |a 75 s. 
100 1 |a Štefunková, Natália 
700 1 |a Matkovčíková, Natália, 1982- 
710 2 |a Fakulta podnikového manažmentu EU. Katedra manažmentu